Good Practice Briefing (Record no. 118724)
[ view plain ]
| 000 -LEADER | |
|---|---|
| fixed length control field | 00540cas a2200193 4500 |
| 001 - CONTROL NUMBER | |
| control field | ##L107389 |
| 008 - FIXED-LENGTH DATA ELEMENTS--GENERAL INFORMATION | |
| fixed length control field | 000000n1995 eng u |
| 022 1# - INTERNATIONAL STANDARD SERIAL NUMBER | |
| International Standard Serial Number | 1357-9150 |
| 035 ## - SYSTEM CONTROL NUMBER | |
| System control number | (Sirsi) u107389 |
| 041 0# - LANGUAGE CODE | |
| Language code of text/sound track or separate title | eng |
| 110 2# - MAIN ENTRY--CORPORATE NAME | |
| Corporate name or jurisdiction name as entry element | Chartered Institute of Housing |
| 9 (RLIN) | 2394 |
| 245 00 - TITLE STATEMENT | |
| Title | Good Practice Briefing |
| 260 3# - PUBLICATION, DISTRIBUTION, ETC. | |
| Place of publication, distribution, etc. | Coventry |
| Name of publisher, distributor, etc. | CIH |
| Date of publication, distribution, etc. | 1995- |
| 520 ## - SUMMARY, ETC. | |
| Summary, etc. | Individual issues catalogued. |
| 554 ## - | |
| -- | Three issues per annum. |
| 690 ## - LOCAL SUBJECT ADDED ENTRY--TOPICAL TERM (OCLC, RLIN) | |
| Topical term or geographic name as entry element | Residential property |
| 9 (RLIN) | 6266 |
| 856 ## - ELECTRONIC LOCATION AND ACCESS | |
| Uniform Resource Identifier | <a href="https://www.cih.org/gpu/briefings.htm">https://www.cih.org/gpu/briefings.htm</a> |
| 942 ## - ADDED ENTRY ELEMENTS (KOHA) | |
| Suppress in OPAC | 0 |
| Withdrawn status | Lost status | Source of classification or shelving scheme | Damaged status | Not for loan | Home library | Current library | Shelving location | Date acquired | Total Checkouts | Full call number | Barcode | Date last seen | Copy number | Price effective from | Koha item type |
|---|---|---|---|---|---|---|---|---|---|---|---|---|---|---|---|
| Dewey Decimal Classification | London | London | Enquiry desk | 31/07/2000 | GOOD PRACTICE BRIEFING | 107389-1001 | 06/08/2019 | 1 | 06/08/2019 | Reference material |